| 000 | 00641nam a2200265Ia 4500 | ||
|---|---|---|---|
| 005 | 20260121170311.0 | ||
| 008 | 008 260114s9999 xx 000 0 eng d | ||
| 020 | _a9781484231869 | ||
| 037 | _aEBOOK | ||
| 040 | _aCRL | ||
| 040 | _beng | ||
| 040 | _cCRL | ||
| 041 | _2eng | ||
| 041 | _aeng | ||
| 084 | _qCRL | ||
| 100 |
_aRafiq Elmansy _91062227 |
||
| 245 | 0 | _aDeveloping Professional iPhone Photography | |
| 260 | _bSpringer | ||
| 260 | _bSpringer | ||
| 260 | _c2018 | ||
| 856 | _uhttps://link.springer.com/openurl?genre=book&isbn=978-1-4842-3186-9 | ||
| 942 | _cEBOOK | ||
| 999 |
_c1627956 _d1627956 |
||